00882nam a2200241Ia 450000500170000000800410001702000150005808200200007310000360009324501280012925000190025730000270027649000130030350400380031660000240035465000550037865000540043326400300048733600270051733700330054433800280057704000350060520220317000714.0160601s2003 ck g 000 0 spa  a958816039104aCO861.09 bC61h1 aCobo Borda, Juan Gustavod1948-10aHistoria de la poesía colombiana Siglo XX. bDe José Asunción Silva a Raúl Gómez Jattin cJuan Gustavo Cobo Borda a3a. edición  a587 páginas c21 cm  aVillegas aIncluye bibliografía e índice aValencia, Guillermo142LEMBaLiteratura colombianaxHistoria y crítica 142LEMBaPoesía colombiana xHistoria y crítica  aBogotá bVillegasc2003 atextobtxt2rdacontent asin mediaciónbn2rdamedia avolumenbnc2rdacarrier aCO-BoRNBPbspaerdacCO-BoRNBP